00630 2200193 4500001002100000005001500021035002000036245018600056100001200242250001000254300002500264006001800289008003900307260004600346082000700392084001300399600001000412990001400422INLIS00000000001005220260605095248 a0010-06260000161 aIMPLEMENTASI KEBIJAKAN PEMERINTAH DAERAH DALAM PENGELOLAAN DERMAGA PENYEBERANGAN DI DERMAGAINHUTAN III SAMPIT PADA UPTD DERMAGA DINAS PERHUBUNGAN KAB.. KOTAWARINGIN TIMUR /cSOSANTO0 aSOSANTO aCet 1 avii, 29 hlm :bilus.a 260605 | | |  aPalangka Raya :bPerpustakaan UMPR,c2025 a81 a81 SOS i 4aTESIS a238122046